Cuidado, joaninha! (Record no. 193075)

MARC details
000 -LÍDER
campo de controle de tamanho fixo 00332 a2200157 4500
001 - NÚMERO DE CONTROLE
campo de controle 193075
020 ## - ISBN - INTERNATIONAL STANDARD BOOK NUMBER
ISBN - International Standard Book Number 978-85-380-5306-4
040 ## - FONTE DA CATALOGAÇÃO
Instituição que transcreveu o registro Magnum
100 ## - ENTRADA PRINCIPAL--NOME PESSOAL
Nome pessoal Tickle, Jack
240 10 - TÍTULO UNIFORME
Título uniforme Cuidado, joaninha!
Idioma da obra por
245 10 - TÍTULO
Título Cuidado, joaninha!
300 ## - DESCRIÇÃO FÍSICA
Extensão 26
362 0# - DATAS DE PUBLICAÇÃO E/OU DESIGNAÇÃO SEQUENCIAL
Datas de publicação e/ou designação sequencial 2013
697 ## - ENTRADA DE ASSUNTO LOCAL--ENTIDADE COLETIVA (RLIN)
Nome corporativo ou nome da jurisdição LITERATURA INFANTIL
942 ## - ELEMENTOS DE ENTRADA ADICIONADOS (KOHA)
Tipo de material Koha Livros
Holdings
Situação do descarte Situação das perdas Situação física Não pode ser emprestado Biblioteca de origem Biblioteca atual Data de aquisição Total de empréstimos Número de chamada completo Código de barras Data de último acesso Data do preço efetivo Tipo de material Koha
        Magnum Magnum 08/06/2024   869.5.141 MAG00072048 08/06/2024 08/06/2024 Livros
        Magnum Magnum 08/06/2024   869.5.141 MAG00072049 08/06/2024 08/06/2024 Livros